music trivia: jazz artists & albums - Statistics

General Stats
  • This quiz has been taken 155 times
  • The average score is 7 of 15
Answer Stats
Hint Answer % Correct
Giant Steps John Coltrane
90%
Nefertiti Miles Davis
84%
Maiden Voyage Herbie Hancock
77%
The Shape of Jazz to Come Ornette Coleman
54%
Straight, No Chaser Thelonious Monk
54%
Speak No Evil Wayne Shorter
52%
Pithecanthropus Erectus Charles Mingus
51%
Sunday at the Village Vanguard Bill Evans
50%
Black, Brown and Beige Duke Ellington
42%
The Bridge Sonny Rollins
37%
Body and Soul Coleman Hawkins
23%
Black Codes (From the Underground) Wynton Marsalis
22%
Mercy, Mercy Buddy Rich
8%
Soulville Ben Webster
6%
Splendido Hotel Al DiMeola
5%
No matching quizzes found
Score Distribution
Percent of People with Each Score
Percentile by Number Answered
Your Score History
You have not taken this quiz